<?xml version="1.0" encoding="UTF-8"?>
<marc:record xmlns:marc="http://www.loc.gov/MARC21/slim">
   <marc:leader>00000nam a2200000 a 4500</marc:leader>
   <marc:datafield ind1="1" ind2=" " tag="100">
      <marc:subfield code="a">Moost Nele</marc:subfield>
      <marc:subfield code="4">aut</marc:subfield>
      <marc:subfield code="e">Verfasser/-in</marc:subfield>
   </marc:datafield>
   <marc:datafield ind1=" " ind2=" " tag="653">
      <marc:subfield code="a">Bilderbuch</marc:subfield>
   </marc:datafield>
   <marc:datafield ind1=" " ind2=" " tag="653">
      <marc:subfield code="a">Vorlesebuch</marc:subfield>
   </marc:datafield>
   <marc:datafield ind1="0" ind2="0" tag="245">
      <marc:subfield code="a">Alles verzankt / Ruck Zuck wieder vertragen</marc:subfield>
   </marc:datafield>
   <marc:datafield ind1=" " ind2="1" tag="264">
      <marc:subfield code="a">Esslingen</marc:subfield>
      <marc:subfield code="b">Esslinger Verlag</marc:subfield>
      <marc:subfield code="c">2003</marc:subfield>
   </marc:datafield>
   <marc:datafield ind1="1" ind2=" " tag="520">
      <marc:subfield code="a">Der kleine Rabe ist sauer. Das Schaf hat ihn zu sich nach Hause eingeladen und gesagt, dass er bestimmen darf, was sie spielen. Aber als Socke dort ankommt, erfährt er, dass das Schaf den anderen Freunden genau dasselbe versprochen hat und jetzt will natürlich jeder der Bestimmer sein und nur sein eigenes Spiel spielen. Das gibt Ärger! Alle schimpfen und Stulle ist kurz davor, dem kleinen Raben eins auf den Schnabel zu geben. Da macht Socke nicht länger mit, wütend fliegt er zu seinem Nest zurück. Doch dann hat er eine tolle Idee. "Jetzt können die anderen aber was erleben",ruft er und macht sich gleich an die Arbeit. Und er hat Recht: Es wird ein Riesen-Spaß für alle!</marc:subfield>
   </marc:datafield>
   <marc:datafield ind1=" " ind2=" " tag="041">
      <marc:subfield code="a">ger</marc:subfield>
   </marc:datafield>
   <marc:datafield ind1="1" ind2=" " tag="521">
      <marc:subfield code="a">0</marc:subfield>
   </marc:datafield>
</marc:record>
